000 00624cam a22002175a 4500
001 L158559
008 140821s2015 xxk f 000 0 eng d
035 _a(Sirsi) u158559
041 0 _aeng
110 2 _aRoyal Institution of Chartered Surveyors
_94900
245 0 0 _aRICS Futures
_bOur changing world
260 _aLondon
_bRICS
_c2015
490 0 _aRICS Insight
490 0 _aRICS Research
520 _aSummarises the key findings of the RICS report Our changing world (L158558).
590 _aKA
650 2 4 _aRICS Futures
651 4 _aInternational
690 _aPlanning and development
_96259
942 _n0
999 _c115382
_d115382